[Event "ISR-chT"]
[Site "Israel"]
[Date "1999.04.02"]
[Round "6"]
[White "Erenburg, Sergey"]
[Black "Alterman, Boris"]
[Result "0-1"]
[WhiteElo "2362"]
[BlackElo "2616"]
[Annotator "Alterman,B"]
[PlyCount "140"]
[EventDate "1999.01.??"]
[EventType "team"]
[EventRounds "11"]
[EventCountry "ISR"]
[SourceTitle "CBM 070"]
[Source "ChessBase"]
[SourceDate "1999.06.08"]
[SourceVersion "1"]
[SourceVersionDate "1999.06.08"]
[SourceQuality "1"]

1. e4 g6 2. d4 Bg7 3. c3 d6 4. Nf3 Nc6 5. Be2 (5. h3 e5 6. dxe5 dxe5 7. Qc2
Nge7 8. Bc4 O-O 9. O-O Na5 10. Rd1 Qe8 11. Bf1 Be6 12. Nbd2 f6 13. b4 Nac6 14.
a4 $14 {1-0 Cladouras,P-Sikkel,D/Liechtenstein op 1988/EXT 88op (36)}) 5... Nf6
6. Qc2 O-O 7. O-O Qe8 $1 8. Re1 e5 9. dxe5 (9. d5 Ne7 10. c4 Nh5 (10... Nd7 $13
)) 9... Nxe5 10. Nbd2 (10. Nxe5 Qxe5) 10... Bd7 (10... Nxf3+ 11. Bxf3 Ng4 12.
Nc4 Be6 13. Ne3 $11) 11. Nf1 Qe7 12. Bf4 Bc6 $1 (12... Nh5 13. Be3) 13. Nxe5
dxe5 14. Bg5 h6 15. Bxf6 Bxf6 16. Ne3 Bg5 $1 $15 {[%cal Gg5c1,Gc6e4][%mdl 32]}
17. Bc4 Rad8 18. b4 Kg7 19. Nd5 Bxd5 20. exd5 (20. Bxd5 c6 21. Bc4 Rd2 $17)
20... f5 21. Rad1 Bf6 $1 {[%csl Rc4][%cal Ge5e4,Gf6e5,Ge5h2][%mdl 2208]} 22.
Bf1 e4 23. a3 a5 $1 24. Qb3 b6 25. Bb5 $2 (25. c4 $1 Be5 26. f3 $15) 25... Be5
26. Qc2 Qd6 27. g3 h5 $17 28. h4 Rf7 29. Bf1 Re7 30. Bg2 Qf6 {[%cal Gg6g5,
Gf6c3]} 31. Re3 $1 axb4 32. axb4 Red7 $138 {[%csl Rf2,Rg2,Rg3,Rh4]} (32... g5
33. hxg5 Qxg5 34. f4 Qh6) (32... Kh8 {[%cal Ge7g7,Gg6g5,Gh5h4,Rg7g1]}) 33. c4
c6 34. Qa2 Bd4 35. Re2 cxd5 36. cxd5 Rxd5 37. Red2 Qe5 38. Kh1 R5d6 39. Qc4
R6d7 (39... Bxf2 $2 40. Rxd6 Rxd6 41. Qc7+) 40. Qe2 Qf6 41. Qc4 Kh7 42. b5 Qg7
43. Qa2 Kh6 44. Qc2 Rd6 45. Qc1 Kh7 46. Qc2 Qd7 47. Qc4 Kh8 48. Qb4 Qg7 49. Qc4
Bc5 50. Rxd6 Rxd6 51. Rxd6 Bxd6 {[%mdl 4096]} 52. Qe2 (52. Qe6 Bc5 53. Kg1 Kh7
54. Qc6 Qe5 $17) 52... Qd4 {[%mdl 4096]} 53. Kh2 Kg7 54. Kh3 Kf6 55. Kh2 Qc3
56. Bf1 Bc5 57. Bg2 Bd4 58. Kh3 Ke5 59. f3 (59. Kh2 Qd3 60. Qxd3 exd3 61. f4+
Kd6 62. Bf3 Bf2 $1 63. Kg2 Be1 $19) 59... Qd3 $1 60. Qxd3 (60. Qa2 exf3 61. Qf7
fxg2 $19) 60... exd3 61. f4+ Kd6 62. Bf1 d2 63. Be2 Kc5 64. Kg2 Kb4 65. Kf3 Kc3
66. Bd1 Kb2 67. Ke2 Kc1 68. Bb3 Bg1 69. Kf1 Bh2 70. Kg2 Bxg3 0-1

[Event "SRB Central-ch op-A 8th"]
[Site "Paracin"]
[Date "2015.07.06"]
[Round "4"]
[White "Narayanan, Srinath"]
[Black "Atalik, Suat"]
[Result "1/2-1/2"]
[WhiteElo "2464"]
[BlackElo "2564"]
[Annotator "Atalik,S"]
[PlyCount "40"]
[EventDate "2015.07.03"]
[EventType "swiss"]
[EventRounds "9"]
[EventCountry "SRB"]
[SourceTitle "EXT 2016"]
[Source "ChessBase"]
[SourceDate "2015.10.08"]
[SourceVersion "1"]
[SourceVersionDate "2015.10.08"]
[SourceQuality "1"]

1. e4 g6 2. d4 Bg7 3. Nc3 d6 4. Be3 ({One of the finesses about the Modern
Defense is easily comprehensible why a6 is always needed:} 4. Nf3 Bg4 (4... Nf6
5. Be2 O-O 6. O-O Bg4 7. Be3 Nc6 8. d5 Bxf3 9. Bxf3 Ne5 10. Be2 c6 11. a4) 5.
Be2 Nc6 6. Be3 e5 7. dxe5 dxe5 8. Qxd8+ Rxd8 9. Nd5 Rd7 10. Bb5 $1 $16 {
Ivkov-Czerniak, Belgrade 1962.}) 4... a6 5. a4 Nc6 6. Nf3 (6. h3 Nf6 7. Nf3 O-O
8. d5 Nb4 9. a5 c5 10. Bc4 Nd7 11. O-O b5 12. axb6 (12. Be2 Bb7 13. Qd2 Nf6)
12... Nxb6 13. Be2 f5 $36 {is my preparation for the game.}) 6... Bg4 7. Be2 e5
$1 (7... Nf6 8. d5 Bxf3 9. Bxf3 Ne5 10. Be2 O-O 11. O-O c6 12. a5) (7... Bxf3
8. Bxf3 e5 9. dxe5 Nxe5 10. Be2 Nf6 11. O-O O-O 12. f4 Ned7 13. Bf3 $16) 8.
dxe5 dxe5 (8... Bxf3 9. gxf3 $5) 9. Qxd8+ Rxd8 10. Nd5 Rd7 11. h3 (11. O-O-O
Nf6 (11... h5 12. Rd2) 12. Bh6 $4 Bxh6+ {Do not forget that it is a check!}) (
11. Rd1 Nge7 $1 (11... Nf6 $2 12. Bh6)) 11... Bxf3 12. Bxf3 Nd4 13. Bd1 (13.
O-O-O Nxf3 14. gxf3 Ne7 15. c4 f5 $132 {reminds the same structure obtainable
out of a KID which could have happenned in my game versus IM Nolte.}) 13... Ne7
14. Nxe7 Kxe7 15. c3 Ne6 16. Bb3 h5 17. Ke2 Bh6 (17... Nf4+ 18. Kf3) 18. Bxh6
Rxh6 19. Bxe6 Kxe6 20. Rhd1 Rh8 (20... Rh8 21. Rxd7 Kxd7 22. Rd1+ Ke7 {with a
complete equality.}) 1/2-1/2

[Event "SRB Central-ch op-A 8th"]
[Site "Paracin"]
[Date "2015.07.10"]
[Round "9"]
[White "Kosic, Dragan"]
[Black "Atalik, Suat"]
[Result "1/2-1/2"]
[WhiteElo "2487"]
[BlackElo "2564"]
[Annotator "Atalik,S"]
[PlyCount "139"]
[EventDate "2015.07.03"]
[EventType "swiss"]
[EventRounds "9"]
[EventCountry "SRB"]
[SourceTitle "EXT 2016"]
[Source "ChessBase"]
[SourceDate "2015.10.08"]
[SourceVersion "1"]
[SourceVersionDate "2015.10.08"]
[SourceQuality "1"]

1. d4 g6 2. e4 Bg7 3. Nc3 d6 4. Be3 a6 {My opening choice fits well in my 'Do
or die situation'after 5 consecutive draws.} 5. Qd2 Nd7 (5... b5 6. a4 b4 7.
Nce2 {compromises Black's queenside.}) 6. Nf3 (6. Bd3 c5) (6. a4 Ngf6 7. Nf3
O-O 8. h3 c5) 6... b5 (6... c5 $6 7. O-O-O $1) 7. a4 b4 8. Ne2 Rb8 $1 {Once
again White is better after} ({the immediate push} 8... c5 9. c3 (9. Ng3 Ngf6
10. Bh6 Bxh6 11. Qxh6 cxd4 12. Nxd4 Qc7) 9... Ngf6 10. Ng3 bxc3 11. bxc3 O-O
12. h3 $1 (12. Bd3 Ng4) 12... Bb7 13. Bd3 Qa5 14. O-O $14) 9. Ng3 c5 10. Bd3 $5
(10. c3 Ngf6 11. h3 h5 $132) (10. Bc4 {I was considering only the seemingly
more active} cxd4 11. Bxd4 Bxd4 12. Qxd4 Ngf6 13. e5 dxe5 14. Nxe5 Nxe5 15.
Qxe5 Bb7 16. O-O Rc8 17. Rfe1 O-O 18. Rad1 $2 Qc7 $132) 10... h5 $5 $146 {
A new approach!} (10... Ngf6 11. Bh6) 11. h3 cxd4 12. Bxd4 Bh6 $6 (12... Bxd4
$142 13. Nxd4 Bb7) 13. Be3 $6 (13. Qe2 e5 14. Ba7 Ra8 15. Be3 Bxe3 16. Qxe3
Ngf6) 13... Bxe3 14. Qxe3 Qc7 {After some slight inaccuracies Black gets a
gooed play with this move.} (14... Qb6 $6 15. Qxb6 Rxb6 16. a5 $14) 15. O-O Qc5
16. Qd2 (16. Qxc5 Nxc5 17. e5 d5) (16. Rfe1 $5) 16... Ngf6 17. Rfe1 Ne5 $5 (
17... h4 18. Ne2) 18. Nxe5 dxe5 $5 {This one is OK but the mistakes came later.
} ({I did not like middlegame positions eveolving after the regular recapture} 
18... Qxe5 19. b3 h4 20. Nf1 g5 21. f3 (21. Ne3 Be6 (21... g4 22. Nc4) 22. Nf5
g4 $13) 21... a5 22. Ne3 Be6 23. Bc4 Nh5 $13) 19. b3 Rb6 $6 (19... Kf8 $5) (
19... Bb7 $5) ({The move in high priority is} 19... a5 $1 20. Nf1 Be6 21. Qe3
Rc8 22. Rad1 Kf8 23. Ba6 Rc7 24. Rd8+ Kg7 25. Rxh8 Kxh8 26. Qh6+ Kg8 27. Rd1
Rd7 28. Rxd7 Nxd7 29. Bd3 $13) 20. Nf1 (20. a5 $142 Rd6 21. Ra4 h4 22. Nf1 Rd4
23. Nh2 Bd7 24. Raa1 Rd6 25. Nf3 $14) 20... a5 21. Bb5+ Kf8 22. Qe3 $1 Qxe3 23.
Nxe3 Be6 24. Nc4 Bxc4 25. bxc4 $1 {By some positional moves White kept the
balance.} Rb7 (25... Rd6 26. c5 Rd2 27. c6 $1 (27. Red1 $2 Rxc2 28. Rac1 Rxc1
29. Rxc1 Ne8 30. Rd1 Kg7 31. Rd7 Nf6 32. Rxe7 Rc8 33. c6 b3 $19) 27... Kg7 28.
Rac1 Rc8 $11) 26. c5 Rc7 27. c6 Kg7 (27... e6 28. Rad1 Ke7 29. f3 Ne8 30. c3
bxc3 31. Re3 Nd6 32. Rxc3 Rb8 33. Rc5 Nb7 $11) 28. c3 {So far so good! I have
pushed the self-destruction button starting by this move.} b3 $6 (28... bxc3
29. Rac1 Rd8 (29... Ne8 30. Rxc3 Nd6 31. h4 Rb8 32. Rc5 f6 33. Rd5) 30. Rxc3
Rd4 31. f3 Ne8 32. Rc5 Kf6 33. Kf2 Nd6 $11) 29. Rab1 Rb8 30. c4 Nh7 $6 (30...
e6 31. f3 Rd8 32. Red1 (32. Rxb3 Ng8) 32... Rxd1+ 33. Rxd1 Ng8 34. Rb1 Ne7 35.
Rxb3 Nxc6 36. Bxc6 Rxc6 37. Rc3 Kf8 38. c5 Ke7 39. Kf2 Kd7 $11) 31. Red1 Nf8 $6
(31... Ng5 32. Rxb3 (32. Rd7 Rxd7 33. cxd7 Nxe4) 32... Ne6 (32... Rxc6 $2 33.
Rg3) 33. Rd7 Rxd7 34. cxd7 Nc5 35. Re3 e6 36. Kf1 Kf6 $11) 32. Rd5 f6 $2 {
Here comes the final mistake!} (32... Ne6 33. Rxe5 Nd4 34. Rd5 Nxc6 35. Rxb3 (
35. Rc5 Rbc8 36. Rxb3 Nd4 37. Rxc7 Rxc7 $44) 35... Nb4 36. Rd2 Na6 $44) 33.
Rxb3 Rxc6 (33... Ne6 34. Rbd3 $1 Nd4 35. Rd7 Rbc8 36. Ba6 $18) 34. Bxc6 Rxb3
35. Rxa5 $18 {Mistake after mistake between moves 28-35 left an horrible
position for Black whose position is really bad.} Rb1+ (35... Ne6 36. Ra7 Nc5
37. Rxe7+ Kh6 38. h4 $18) 36. Kh2 Ne6 37. Ra7 $1 Kf8 (37... Kh6 $142 38. Rxe7 (
38. a5 Nd4) 38... Nf4 $16 {is the best of worst case scenarios.}) (37... Nf4
38. a5 $18) (37... Nd4 38. Rxe7+ Kh6 39. Bd5 $18) 38. a5 (38. Ra8+ Kg7 39. a5
Ra1 40. a6 Nc5 41. a7 h4 42. f3 $18) 38... h4 (38... Ra1 39. a6 Nd4 40. Ra8+
Kg7 41. Bb7 $18) 39. a6 $6 {The first wrong step by Dragan who was in a bad
time trouble.} (39. Bd5 $1 Nc5 (39... Nf4 40. a6 Ra1 41. Ra8+ Kg7 42. c5) 40.
Rc7 $18 {decides the game at once.}) 39... Ra1 40. Bd5 Nc5 41. Ra8+ $2 ({
The simplest winning plan starts with} 41. Rc7 $1 Nxa6 42. Rc8+ (42. Ra7 $2 Ra4
43. Bc6 Ra2 44. Ra8+ Kg7 45. c5 Nb4 46. Rxa2 Nxa2 47. Bd7 Nc3 48. c6 Nxe4 49.
c7 Nd6 50. c8=Q Nxc8 51. Bxc8 e4 $11) 42... Kg7 43. Rg8+ Kh6 44. Ra8 Ra4 45.
Bc6 Ra2 46. c5 Nb4 47. Rxa2 Nxa2 48. Bb5 Nc3 49. Bd3 Kg5 50. c6 Na4 51. c7 Nb6
52. g3 $1 $18) 41... Kg7 42. a7 e6 43. Rc8 (43. Bc6 $5 f5) 43... Rxa7 (43...
exd5 44. a8=Q $5 Rxa8 45. Rxa8 dxc4 46. f3 Nd3 47. Rc8 Nb2 (47... Kh6 48. Rxc4
Kg5 49. g3 hxg3+ 50. Kxg3 Nf4 51. h4+ Kh5 52. Rc6 g5 53. Rxf6 gxh4+ 54. Kh2 $18
) 48. Rc6 {should lose on the long run.}) 44. Rxc5 exd5 45. exd5 {From this
point of Black pulled out stiff resistence.} (45. cxd5 $5 Ra4 46. f3 f5 $132)
45... Kf7 $1 {King should come to stop the connected passed pawns.} (45... Ra2
$2 46. Rc7+ Kf8 47. c5 $18) 46. f3 f5 47. Rc6 Ra1 $1 {Should be preferred} ({to
} 47... Ra2 $2 48. Rc7+ Kf6 49. c5 Rd2 50. Rd7 e4 51. fxe4 fxe4 52. c6 Rc2 53.
c7 e3 (53... Ke5 54. d6 e3 55. Rd8 e2 56. c8=Q $18) 54. Rd6+ Kg5 55. Rc6 Rxc6
56. dxc6 e2 57. c8=Q e1=Q 58. Qd8+ Kh6 59. Qd6 $18) 48. Rc7+ Kf6 49. d6 (49. c5
Rd1 50. Rd7 e4 51. fxe4 fxe4 52. c6 Rc1 53. c7 Ke5 54. d6 e3 55. Rd8 e2 56.
c8=Q Rh1+ $1 $11 {is the nuance between 47...Ra1! and 47...Ra2?}) 49... Rd1 50.
c5 Ke6 $1 {The king has to cross to the other side of the pawns if needed.} 51.
Rg7 $2 {With his king boxed White has no chance at all.} (51. g4 $1 Rd2+ $1 (
51... e4 52. fxe4 fxe4 53. Kg2 Ke5 54. Kf2 Kf4 55. Re7 $18) (51... hxg3+ 52.
Kxg3 Rd4 $132 (52... g5 53. h4 $1) (52... Rd2 53. Kh4 $18)) 52. Kg1 f4 53. g5
e4 54. fxe4 Ke5 55. d7 Kxe4 56. Rb7 $1 (56. c6 Kf3 $11) 56... Kf3 57. Rb3+ Ke2
58. Rb2 $1 $18 {is the winning line.}) (51. Re7+ $2 Kd5 (51... Kf6 $2 52. Re8)
52. d7 Kc6 53. Re6+ Kxd7 54. Rxg6 e4 55. fxe4 fxe4 56. Rg4 e3 57. Re4 Kc6 58.
Rxe3 Kxc5 59. Re4 Rd4 $1 60. Rg4 Kd5 $1 $11 {is one of the main tricks in this
endgame}) 51... Kd5 52. Rxg6 Kxc5 53. Rf6 f4 54. Re6 Rd5 55. d7 Kd4 56. Re7 Rd6
57. Kg1 Kd5 58. Kf2 Kd4 59. Ke2 Rd5 60. Kf2 (60. Kd2 $142 {The last serious
attempt should seem like} Rd6 61. Kc2 Rd5 $1 {The pendulum does not allow the
white king in} (61... Ke3 $2 62. Rxe5+ Kf2 63. Re7 Kxg2 64. Re2+ $1 Kxf3 (64...
Kxh3 65. Rd2 Rxd7 66. Rxd7 Kg2 67. Kd2 Kxf3 68. Ke1 $18) 65. Rd2 Rxd7 66. Rxd7
Kg2 67. Rg7+ Kxh3 68. Kd2 $18) 62. Kb3 Rd6 63. Kb4 Rd5 64. Ka4 Rd6 65. Kb5 Kd5
$11) 60... Rd6 61. Rh7 Kd5 62. Re7 Kd4 63. Rh7 Kd5 64. Rxh4 Rxd7 {After this
move it was sure that my 6th draw has come!} 65. Rh6 (65. g3 fxg3+ 66. Kxg3 Ke6
67. Rg4 Kf5 68. h4 Rd1 69. Rg5+ Kf6 $11) 65... Ra7 (65... e4 $11) 66. Kg1 e4
67. fxe4+ (67. Rh5+ Kd4 68. fxe4 $11 (68. Rf5 $2 Ra1+ 69. Kh2 e3 $19)) 67...
Kxe4 68. Rf6 Ra3 69. Kh2 Rg3 70. Rf8 1/2-1/2

[Event "Mulhouse GM"]
[Site "Mulhouse"]
[Date "2004.07.02"]
[Round "3"]
[White "Drabke, Lorenz Maximilian"]
[Black "Bricard, Emmanuel"]
[Result "1-0"]
[WhiteElo "2453"]
[BlackElo "2450"]
[Annotator "Atlas,V"]
[PlyCount "121"]
[EventDate "2004.06.30"]
[EventType "tourn"]
[EventRounds "9"]
[EventCountry "FRA"]
[EventCategory "9"]
[SourceTitle "CBM 103"]
[Source "ChessBase"]
[SourceDate "2004.11.11"]
[SourceVersion "1"]
[SourceVersionDate "2004.11.11"]
[SourceQuality "1"]

1. e4 g6 2. d4 Bg7 3. Nf3 c6 4. Nc3 d6 5. a4 b6 6. Bc4 e6 7. Bf4 Ne7 8. Qd2 h6
9. h4 Ba6 10. b3 Bb7 11. Rd1 a6 12. b4 Qc7 13. Bb3 Nd7 14. O-O Rd8 15. Nh2 Nf6
16. f3 h5 17. e5 dxe5 18. Bxe5 Qd7 19. Qf4 Nf5 20. Ne4 Qe7 21. c3 Nd5 22. Bxd5
cxd5 23. Bxg7 Nxg7 24. Nf6+ Kf8 25. Qg5 Rc8 (25... Ne8 {deserved attention
here.}) 26. Rd3 Bc6 27. Ra1 Ne8 28. Nxe8 Bxe8 29. a5 bxa5 30. Rxa5 f6 31. Qg3
Bb5 32. Re3 Kf7 33. f4 Rc6 34. Nf3 Rhc8 35. Nd2 Qc7 36. Ra3 Bc4 37. Qf3 Qd6 38.
Ra5 Rd8 39. Re1 Qc7 40. Re3 Qd6 41. Rc5 Bb5 42. Nb3 Rb6 43. Qf2 Rbb8 44. Na5
Rd7 45. Qf3 Rdd8 46. Qf2 Rd7 47. Rg3 Rdd8 48. Kh1 Rd7 49. Nb3 Rg8 50. Nd2 Kg7
$6 51. Qf3 $1 Kh7 $2 (51... Kf7 {was to be preferred. Now White develops a
dangerous initiative.}) 52. c4 $1 Bc6 (52... Bxc4 {fails to} 53. Nxc4 dxc4 54.
Qxh5+ gxh5 55. Rxh5#) 53. Ne4 $1 Qe7 {The knight is invulnerable in view of 54.
Qh5, with mate in three.} 54. Rxc6 dxe4 55. Qxe4 f5 56. Qe5 Qxh4+ 57. Rh3 Qf2 (
57... Qg4 {was to be preferred.}) 58. Rxe6 Qxd4 $2 ({The final mistake,
allowing White to conclude the game in style. Somewhat more stubborn was} 58...
Qc2 {, although Black is lost anyway.}) {[%tqu "En","How can White use the
superior activity of his pieces?","Destroy the pawn shield around the enemy
king.","Sacrifice your rook!","h3h5","This beautiful rook sacrifice forces
mate in four.",5]} 59. Rxh5+ $1 {[%csl Ge5,Ge6,Rf5,Rg6,Rh7] After this
powerful blow mate is inevitable.} gxh5 60. Qxf5+ Kh8 (60... Kg7 {loses to} 61.
Rg6+ Kh8 62. Rh6+ Kg7 63. Rh7#) 61. Rh6+ {, with mate on the next move.} 1-0

[Event "EU-ch 4th"]
[Site "Istanbul"]
[Date "2003.06.07"]
[Round "8"]
[White "Shomoev, Anton"]
[Black "Sanduleac, Vasile"]
[Result "0-1"]
[WhiteElo "2558"]
[BlackElo "2492"]
[Annotator "Atlas,V"]
[PlyCount "130"]
[EventDate "2003.05.30"]
[EventType "swiss"]
[EventRounds "13"]
[EventCountry "TUR"]
[SourceTitle "CBM 096"]
[Source "ChessBase"]
[SourceDate "2003.09.25"]
[SourceVersion "1"]
[SourceVersionDate "2003.09.25"]
[SourceQuality "1"]

1. e4 g6 2. d4 Bg7 3. Nc3 c6 4. f4 Qb6 5. Nf3 d5 6. e5 Bg4 7. Be2 Nh6 8. Na4
Qa5+ 9. c3 Bxf3 10. Bxf3 Nd7 11. b4 Qc7 12. O-O a5 13. Be3 Nf5 14. Bf2 h5 15.
Nc5 axb4 16. Nxd7 Kxd7 17. cxb4 Ra3 18. b5 e6 19. bxc6+ bxc6 20. Qd2 Qa5 21.
Qb2 Rc8 22. Bd1 Qc3 23. Rb1 Qxb2 24. Rxb2 Bf8 25. Rb7+ Rc7 26. Rxc7+ Kxc7 27.
Bb3 Bb4 28. Rd1 Ra8 29. Kf1 Rb8 30. Ke2 Ba3 31. g3 Be7 32. Rc1 Kd7 33. Kd3 Bd8
34. Ba4 Rb6 35. h3 (35. h4 {, preventing 35...g5, deserved serious attention.})
35... g5 $1 36. fxg5 Bxg5 37. Rc2 Ra6 38. Bb3 Ra8 39. Be1 Be3 40. Bc3 Rg8 41.
Rg2 c5 $1 {Black's pieces are now very active, and White needs to play
carefully to parry Black's threats.} 42. dxc5 Bxc5 43. Be1 Bb6 44. Ba4+ Kd8 45.
g4 hxg4 46. Rxg4 Rh8 47. h4 Bc7 48. Bc3 Kc8 49. Rf4 Rh7 50. Bc6 Bb6 51. Be1 Rh5
52. Be8 Rh7 53. Ra4 Kb7 54. Rb4 Kc7 55. Ra4 Rg7 56. Rf4 Kd8 57. Ba4 Rg1 58. Bd2
({A decisive mistake. Essential was} 58. Bf2) 58... Rg3+ $1 59. Ke2 (59. Kc2 {
fails to} Rg2 $1) 59... Rg2+ 60. Ke1 {[%tqu "En","How can Black use the
superior activity of his pieces?","Exploit a shaky position of the white rook.
","Use your rook for the decisive strike!","g2d2","This is simple, but still
quite pretty tactics.",4]} Rxd2 $1 {[%csl Gb6,Gd2,Re1,Rf4,Gf5][%cal Gb6e3] The
decisive blow. White loses a piece and the game.} 61. Rxf5 (61. Kxd2 Be3+ 62.
Kd3 Bxf4 {, and Black easily wins.}) 61... Ba5 $1 {[%csl Ra4,Ga5,Gd2,Re1,Rf5]
[%cal Ga5e1] A perfect use of geometrical motifs! White cannot save his bishop.
} 62. Rxf7 (62. Rf4 $2 {fails to} Rd4+) 62... Rxa2+ 63. Kf1 Rxa4 64. h5 Rh4 65.
Ra7 Bc7 0-1

[Event "Bundesliga 0304"]
[Site "Germany"]
[Date "2003.12.14"]
[Round "6.8"]
[White "Souleidis, Georgios"]
[Black "Espig, Thomas"]
[Result "0-1"]
[WhiteElo "2401"]
[BlackElo "2300"]
[Annotator "Atlas,V"]
[PlyCount "58"]
[EventDate "2003.11.01"]
[EventType "team-tourn"]
[EventRounds "15"]
[EventCountry "GER"]
[SourceTitle "CBM 099"]
[Source "ChessBase"]
[SourceDate "2004.03.30"]
[SourceVersion "1"]
[SourceVersionDate "2004.03.30"]
[SourceQuality "1"]
[WhiteTeam "Katernberg"]
[BlackTeam "Plauen"]
[WhiteTeamCountry "GER"]
[BlackTeamCountry "GER"]

1. e4 g6 2. d4 Bg7 3. Nc3 d6 4. Nf3 e6 5. Be2 b6 6. Be3 Ne7 7. Qd2 h6 8. O-O
Bb7 9. d5 e5 10. Ne1 Nd7 11. f4 exf4 12. Bxf4 a6 13. Nf3 Ne5 14. Rad1 Nxf3+ 15.
Bxf3 Qd7 16. h3 O-O-O 17. Bg4 f5 18. exf5 gxf5 19. Bf3 Ng6 20. Bh2 Kb8 21. b3
Rhg8 22. Ne2 Rde8 23. Nd4 Nh4 24. c4 Bf6 25. Kh1 Qg7 26. Rf2 $2 ({A big
mistake convincingly refuted by Black. After} 26. Ne6 {White could keep good
counterchances.}) 26... Bxd4 $1 27. Qxd4 {[%tqu "En","White's pieces are
poorly coordinated. How can Black exploit it?","Exploit the shaky positon of
the enemy queen and the weakness of White's back rank.","Use your rook for the
decisive blow.","e8e1","This efficient rook thrust discloses flaws in White's
seemingly stable construction.",4]} Re1+ $1 {[%csl Rd1,Rd4,Ge1,Gg7,Rh1][%cal
Gg7d4] This excellent rook move break White's defense.} 28. Bg1 {[%tqu "En",
"How to power up Black's attack?","Target the enemy king!","Sacrifice your
rook!","e1g1","This impressive sacrifice crowns Black's fulminating attack.",5]
} Rxg1+ $1 {[%csl Rd4,Rf3,Rg2,Gg7,Gg8,Rh1,Gh4][%cal Gg8g2,Gg7d4] This
remarkable sacrifice wins immediately.} 29. Kxg1 (29. Rxg1 Qxd4 {loses the
queen.}) 29... Nxf3+ $1 ({, and White resigned in view of the line:} 29...
Nxf3+ 30. Rxf3 Qxg2#) 0-1